Devinez la Capitale Mystère #133 - Statistiques

Statistiques générales
  • Ce quiz a été pris 97 fois
  • Le résultat moyen est 27 sur 34
Statistiques - réponses
Type de Réponse Réponse % Correct
Lettre de l'Alphabet R
100%
Lettre Trouvée S
100%
Lettre Trouvée A
99%
Lettre Trouvée E
99%
Lettre de l'Alphabet I
99%
Lettre Bien Placée A
97%
Lettre de l'Alphabet D
97%
Lettre de l'Alphabet L
97%
Lettre de l'Alphabet N
97%
Lettre de l'Alphabet O
97%
Lettre de l'Alphabet P
93%
Lettre Trouvée M
92%
Lettre Trouvée T
91%
Lettre de l'Alphabet B
88%
Lettre de l'Alphabet U
88%
Lettre de l'Alphabet K
84%
Lettre de l'Alphabet H
83%
Lettre de l'Alphabet G
82%
Lettre Bien Placée M
80%
Lettre Trouvée C
79%
Lettre de l'Alphabet V
78%
Lettre de l'Alphabet W
78%
Lettre Bien Placée S
75%
Lettre Bien Placée A
66%
Lettre de l'Alphabet Y
66%
Lettre Bien Placée E
64%
Lettre de l'Alphabet J
64%
Lettre de l'Alphabet X
64%
Lettre Bien Placée C
62%
Lettre de l'Alphabet Z
62%
Lettre de l'Alphabet F
58%
Lettre de l'Alphabet Q
57%
Lettre Bien Placée T
55%
Capitale Mystère Mascate
53%
Aucun quiz correspondant
Distribution des résultats
% des personnes avec chaque résultat
Percentile par nombre de réponses
Votre historique - résultats
Vous n’avez pas pris ce quiz